Megasporogenesis and microsporogenesis in the rubber tree (Hevea brasiliensis (Willd. ex Adr. de Juss.) Muell.-Arg) (Record no. 62816)
[ view plain ]
| 000 -LEADER | |
|---|---|
| fixed length control field | 01130nam a2200193Ia 4500 |
| 100 ## - MAIN ENTRY--AUTHOR NAME | |
| Personal name | Cuco S M |
| 245 #0 - TITLE STATEMENT | |
| Title | Megasporogenesis and microsporogenesis in the rubber tree (Hevea brasiliensis (Willd. ex Adr. de Juss.) Muell.-Arg) |
| 260 ## - PUBLICATION, DISTRIBUTION, ETC. (IMPRINT) | |
| Name of publisher | Brazilian Journal of Genetics |
| Year of publication | 1995 |
| 300 ## - PHYSICAL DESCRIPTION | |
| Number of Pages | 429-434 |
| 500 ## - GENERAL NOTE | |
| General note | Source Year: 1996 |
| 520 ## - SUMMARY, ETC. | |
| Summary, etc | Male and female gametogenesis in Hevea brasiliensis were studied to verify the possible occurrence of meiotic irregularities that could explain the low fruit set observed in this plant. Histological sections were made of floral buds of 13 clones (GT711, AVROS1328, RRIM526, RRIM600, PR107, IAN2652, IAN2813, Fx25, PB86, IAC1, IAC2, Tjir 1 and Tjir 16). Mega- and micro-sporogenesis were normal in all the materials, and no irregularities were detected. Meiosis resulted in binucleate pollen grains and normal octanucleate embryo sacs. Each phase of the cycle is discussed. |
| 650 ## - SUBJECT ADDED ENTRY--TOPICAL TERM | |
| Topical Term | Hevea brasiliensis |
| 650 ## - SUBJECT ADDED ENTRY--TOPICAL TERM | |
| Topical Term | Megasporogenesis |
| 650 ## - SUBJECT ADDED ENTRY--TOPICAL TERM | |
| Topical Term | Microsporogenesis |
| 700 ## - ADDED ENTRY--PERSONAL NAME | |
| Personal name | Bandel G |
| 856 ## - ELECTRONIC LOCATION AND ACCESS | |
| Uniform Resource Identifier | PBA |
| 942 ## - ADDED ENTRY ELEMENTS (KOHA) | |
| Koha item type | Journals |
| Withdrawn status | Lost status | Damaged status | Not for loan | Home library | Current library | Shelving location | Date acquired | Serial Enumeration / chronology | Koha item type |
|---|---|---|---|---|---|---|---|---|---|
| Journals | RRII Library | RRII Library | Botany | 17/12/2021 | Volume 18, Issue 3 | Journals |